Culture Générale - Série 2204 - Statistiques

Statistiques générales
  • Ce quiz a été pris 115 fois
  • Le résultat moyen est 3 sur 10
Statistiques - réponses
Question Réponse % Correct
Comment s'appelle le revêtement de sol traditionnel au Japon ? tatami
71%
Matelas de coton de faible épaisseur, que l'on peut rouler, couchage traditionnel au Japon. futon
62%
Dans quel pays du continent américain trouve-t-on l'état de Minas Gerais ? Brésil
55%
Quel autre nom porte le renard polaire ou renard bleu ? isatis
46%
Quel est le nom du logiciel informatique dont le logo est représenté sur la photographie ? Mozilla Thunderbird
20%
Qui a composé l'opéra en deux actes "Norma" en 1831 ? : Vincenzo ... Bellini
16%
Que désigne le mot "tarin" lorsqu'il ne s'agit pas du nez ? oiseau
15%
Littéraire. Action, projet peu croyables et ressemblant à un pari hasardeux gageure
3%
Quel adjectif désigne un animal domestique qui est retourné à la vie sauvage, comme un cheval par exemple ? féral
1%
Comment appelle-t-on la partie qui, dans le cheval, correspond à la tempe de l'homme ? larmier
0%
Aucun quiz correspondant
Distribution des résultats
% des personnes avec chaque résultat
Percentile par nombre de réponses
Votre historique - résultats
Vous n’avez pas pris ce quiz